[Event "DEM U10w 2021"]
[Site "Willingen GER"]
[Date "2021.08.29"]
[Round "11"]
[White "Bacakova, Klara"]
[Black "Kühne, Malin"]
[Result "1/2-1/2"]
[Termination "normal"]
[Board "15"]
[WhiteElo "955"]
[BlackElo "938"]
[WhiteClock "00:42:58"]
[BlackClock "00:17:27"]
[PlyCount "55"]
[WhiteFideId "34605762"]
[BlackFideId "34619747"]
[EventCountry "GER"]
[EventRounds "11"]
[EventType "swiss"]
[EventDate "2021.08.22"]

1. d4 {[%clk 01:15:58]} {[%emt 00:00:02]} d5 {[%clk 01:15:54]} {[%emt
00:00:06]} 2. c4 {[%clk 01:16:19]} {[%emt 00:00:09]} e6 {[%clk 01:16:17]}
{[%emt 00:00:06]} 3. Nc3 {[%clk 01:16:20]} {[%emt 00:00:30]} Nf6 {[%clk
01:16:09]} {[%emt 00:00:38]} 4. Nf3 {[%clk 01:16:40]} {[%emt 00:00:09]} c5
{[%clk 01:16:08]} {[%emt 00:00:31]} 5. cxd5 {[%clk 01:14:42]} {[%emt 00:02:28]}
exd5 {[%clk 01:15:56]} {[%emt 00:00:41]} 6. Bf4 {[%clk 01:12:57]} {[%emt
00:02:16]} Nc6 {[%clk 01:13:29]} {[%emt 00:02:57]} 7. e3 {[%clk 01:10:05]}
{[%emt 00:03:22]} Bg4 {[%clk 01:08:56]} {[%emt 00:05:03]} 8. Be2 {[%clk
01:07:23]} {[%emt 00:03:12]} c4 {[%clk 01:04:21]} {[%emt 00:05:05]} 9. O-O
{[%clk 01:06:32]} {[%emt 00:01:20]} Be7 {[%clk 01:00:44]} {[%emt 00:04:07]} 10.
Nb5 {[%clk 01:05:31]} {[%emt 00:01:31]} O-O {[%clk 00:55:50]} {[%emt 00:05:23]}
11. Rc1 {[%clk 01:00:03]} {[%emt 00:05:59]} Rc8 {[%clk 00:49:01]} {[%emt
00:07:20]} 12. b3 {[%clk 00:53:20]} {[%emt 00:07:12]} cxb3 {[%clk 00:35:43]}
{[%emt 00:13:49]} 13. axb3 {[%clk 00:50:15]} {[%emt 00:03:35]} a6 {[%clk
00:31:14]} {[%emt 00:04:58]} 14. Nc3 {[%clk 00:48:43]} {[%emt 00:02:02]} Ne4
{[%clk 00:27:21]} {[%emt 00:04:23]} 15. Qd3 {[%clk 00:47:37]} {[%emt 00:01:36]}
Nxc3 {[%clk 00:25:19]} {[%emt 00:02:31]} 16. Rxc3 {[%clk 00:47:51]} {[%emt
00:00:16]} Bb4 {[%clk 00:24:24]} {[%emt 00:01:26]} 17. Rcc1 {[%clk 00:47:34]}
{[%emt 00:00:47]} Re8 {[%clk 00:23:11]} {[%emt 00:01:42]} 18. Bd1 {[%clk
00:46:23]} {[%emt 00:01:41]} b5 {[%clk 00:21:36]} {[%emt 00:02:06]} 19. Bc2
{[%clk 00:45:00]} {[%emt 00:01:52]} g6 {[%clk 00:21:34]} {[%emt 00:00:33]} 20.
Ne5 {[%clk 00:44:55]} {[%emt 00:00:35]} Nxe5 {[%clk 00:20:22]} {[%emt
00:01:42]} 21. Bxe5 {[%clk 00:44:56]} {[%emt 00:00:28]} Bf5 {[%clk 00:19:42]}
{[%emt 00:01:09]} 22. Qe2 {[%clk 00:44:36]} {[%emt 00:00:50]} Bxc2 {[%clk
00:18:14]} {[%emt 00:01:59]} 23. Rxc2 {[%clk 00:44:55]} {[%emt 00:00:10]} Rxc2
{[%clk 00:18:30]} {[%emt 00:00:15]} 24. Qxc2 {[%clk 00:45:17]} {[%emt
00:00:07]} Qc8 {[%clk 00:18:39]} {[%emt 00:00:22]} 25. Qc1 {[%clk 00:43:47]}
{[%emt 00:01:59]} Qxc1 {[%clk 00:17:51]} {[%emt 00:01:20]} 26. Rxc1 {[%clk
00:44:11]} {[%emt 00:00:05]} Ra8 {[%clk 00:17:52]} {[%emt 00:00:29]} 27. g3
{[%clk 00:44:05]} {[%emt 00:00:35]} Bf8 {[%clk 00:17:27]} {[%emt 00:00:55]} 28.
Ra1 {[%clk 00:42:58]} {[%emt 00:01:38]} 1/2-1/2

[Event "DEM U10w 2021"]
[Site "Willingen GER"]
[Date "2021.08.29"]
[Round "11"]
[White "Marrufo, Leandra"]
[Black "Rössling, Laura Marie"]
[Result "0-1"]
[Termination "normal"]
[Board "16"]
[WhiteElo "755"]
[BlackElo "1094"]
[WhiteClock "00:30:29"]
[BlackClock "00:48:23"]
[PlyCount "40"]
[WhiteFideId "34630260"]
[BlackFideId "16289471"]
[EventCountry "GER"]
[EventRounds "11"]
[EventType "swiss"]
[EventDate "2021.08.22"]

1. e4 {[%clk 01:15:56]} {[%emt 00:00:04]} e5 {[%clk 01:15:56]} {[%emt
00:00:05]} 2. Nf3 {[%clk 01:16:06]} {[%emt 00:00:19]} Nc6 {[%clk 01:16:22]}
{[%emt 00:00:04]} 3. Bc4 {[%clk 01:16:22]} {[%emt 00:00:14]} Bc5 {[%clk
01:16:47]} {[%emt 00:00:05]} 4. Nc3 {[%clk 01:16:45]} {[%emt 00:00:07]} Nf6
{[%clk 01:17:03]} {[%emt 00:00:13]} 5. d3 {[%clk 01:16:56]} {[%emt 00:00:20]}
d6 {[%clk 01:16:46]} {[%emt 00:00:48]} 6. h3 {[%clk 01:17:15]} {[%emt
00:00:11]} Na5 {[%clk 01:16:56]} {[%emt 00:00:20]} 7. Bb3 {[%clk 01:16:25]}
{[%emt 00:01:19]} Nxb3 {[%clk 01:17:14]} {[%emt 00:00:12]} 8. axb3 {[%clk
01:16:38]} {[%emt 00:00:16]} h6 {[%clk 01:16:55]} {[%emt 00:00:49]} 9. O-O
{[%clk 01:13:15]} {[%emt 00:04:07]} O-O {[%clk 01:17:01]} {[%emt 00:00:09]} 10.
Be3 {[%clk 01:12:14]} {[%emt 00:01:32]} Bb4 {[%clk 01:08:30]} {[%emt 00:09:02]}
11. Ne2 {[%clk 00:57:30]} {[%emt 00:15:13]} d5 {[%clk 01:00:49]} {[%emt
00:08:10]} 12. d4 {[%clk 00:55:48]} {[%emt 00:02:13]} dxe4 {[%clk 01:00:24]}
{[%emt 00:00:54]} 13. Nxe5 {[%clk 00:54:30]} {[%emt 00:01:48]} c6 {[%clk
00:48:51]} {[%emt 00:12:02]} 14. c3 {[%clk 00:49:08]} {[%emt 00:05:54]} Bd6
{[%emt 00:02:48]} 15. Nf3 {[%clk 00:47:05]} {[%emt 00:00:04]} exf3 {[%clk
00:49:12]} {[%emt 00:00:19]} 16. gxf3 {[%clk 00:36:14]} {[%emt 00:11:20]} Bxh3
{[%clk 00:48:13]} {[%emt 00:01:29]} 17. Re1 {[%clk 00:34:53]} {[%emt 00:01:52]}
Nd5 {[%clk 00:47:49]} {[%emt 00:00:53]} 18. Bd2 {[%clk 00:33:56]} {[%emt
00:01:27]} Qf6 {[%clk 00:47:56]} {[%emt 00:00:21]} 19. c4 {[%clk 00:31:58]}
{[%emt 00:02:31]} Qg6+ {[%clk 00:48:06]} {[%emt 00:00:20]} 20. Kh1 {[%clk
00:30:29]} {[%emt 00:01:59]} Qg2# {[%clk 00:48:23]} {[%emt 00:00:12]} 0-1

[Event "DEM U10w 2021"]
[Site "Willingen GER"]
[Date "2021.08.29"]
[Round "11"]
[White "Margaryan, Mane"]
[Black "Borck, Elena"]
[Result "1-0"]
[Termination "normal"]
[Board "17"]
[WhiteElo "893"]
[BlackElo "775"]
[WhiteClock "00:51:28"]
[BlackClock "00:27:36"]
[PlyCount "39"]
[WhiteFideId "16268237"]
[BlackFideId "16275446"]
[EventCountry "GER"]
[EventRounds "11"]
[EventType "swiss"]
[EventDate "2021.08.22"]

1. d4 {[%clk 01:15:59]} {[%emt 00:00:02]} d6 {[%clk 01:15:54]} {[%emt
00:00:06]} 2. c4 {[%clk 01:16:22]} {[%emt 00:00:08]} Nc6 {[%clk 01:16:09]}
{[%emt 00:00:13]} 3. Nc3 {[%clk 01:16:03]} {[%emt 00:00:50]} Nf6 {[%clk
01:16:28]} {[%emt 00:00:11]} 4. Bg5 {[%clk 01:16:02]} {[%emt 00:00:31]} g6
{[%clk 01:16:41]} {[%emt 00:00:16]} 5. e3 {[%clk 01:15:54]} {[%emt 00:00:39]}
Bg7 {[%clk 01:17:01]} {[%emt 00:00:08]} 6. Bd3 {[%clk 01:15:28]} {[%emt
00:00:57]} O-O {[%clk 01:17:06]} {[%emt 00:00:24]} 7. Nf3 {[%clk 01:15:24]}
{[%emt 00:00:35]} e5 {[%clk 01:15:39]} {[%emt 00:01:57]} 8. dxe5 {[%clk
01:14:03]} {[%emt 00:01:50]} dxe5 {[%clk 01:15:33]} {[%emt 00:00:43]} 9. O-O
{[%clk 01:13:45]} {[%emt 00:00:40]} Qe8 {[%clk 01:15:17]} {[%emt 00:00:46]} 10.
Ne4 {[%clk 01:06:40]} {[%emt 00:07:36]} Ng4 {[%clk 01:11:18]} {[%emt 00:04:28]}
11. h3 {[%clk 01:06:06]} {[%emt 00:01:29]} Nf6 {[%clk 00:49:03]} {[%emt
00:22:20]} 12. Bxf6 {[%clk 01:04:27]} {[%emt 00:02:10]} Bh6 {[%clk 00:40:27]}
{[%emt 00:09:06]} 13. Nfg5 {[%clk 01:00:25]} {[%emt 00:04:32]} Qd7 {[%clk
00:36:00]} {[%emt 00:04:57]} 14. Qe2 {[%clk 00:57:09]} {[%emt 00:03:45]} Re8
{[%clk 00:34:17]} {[%emt 00:02:14]} 15. Rad1 {[%clk 00:56:11]} {[%emt
00:01:28]} Nb4 {[%clk 00:31:11]} {[%emt 00:03:35]} 16. c5 {[%clk 00:52:00]}
{[%emt 00:04:40]} b6 {[%clk 00:28:13]} {[%emt 00:03:30]} 17. Bb5 {[%clk
00:52:07]} {[%emt 00:00:24]} Qf5 {[%clk 00:27:55]} {[%emt 00:00:47]} 18. Bxe8
{[%clk 00:51:22]} {[%emt 00:01:13]} a5 {[%clk 00:27:47]} {[%emt 00:00:40]} 19.
Bxf7+ {[%clk 00:51:19]} {[%emt 00:00:33]} Kf8 {[%clk 00:27:36]} {[%emt
00:00:40]} 20. Rd8# {[%clk 00:51:28]} {[%emt 00:00:20]} 1-0

[Event "DEM U10w 2021"]
[Site "Willingen GER"]
[Date "2021.08.29"]
[Round "11"]
[White "Müller, Ariana"]
[Black "Ruddat, Maila"]
[Result "1-0"]
[Termination "normal"]
[Board "18"]
[WhiteElo "1006"]
[BlackElo "729"]
[WhiteClock "00:49:01"]
[BlackClock "00:55:18"]
[PlyCount "41"]
[WhiteFideId "34615024"]
[BlackFideId "34628100"]
[EventCountry "GER"]
[EventRounds "11"]
[EventType "swiss"]
[EventDate "2021.08.22"]

1. e4 {[%clk 01:15:55]} {[%emt 00:00:04]} e5 {[%clk 01:15:49]} {[%emt
00:00:13]} 2. d4 {[%clk 01:16:17]} {[%emt 00:00:07]} exd4 {[%clk 01:15:59]}
{[%emt 00:00:19]} 3. Qxd4 {[%clk 01:16:36]} {[%emt 00:00:13]} Nc6 {[%clk
01:15:58]} {[%emt 00:00:31]} 4. Qe3 {[%clk 01:16:56]} {[%emt 00:00:10]} Nf6
{[%clk 01:15:25]} 5. Bd2 {[%clk 01:16:50]} {[%emt 00:01:38]} g6 {[%clk
01:14:23]} 6. Nc3 {[%clk 01:16:34]} {[%emt 00:02:17]} Bg7 {[%clk 01:14:08]} 7.
Bd3 {[%clk 01:14:39]} {[%emt 00:03:11]} d6 {[%clk 01:13:52]} 8. O-O-O {[%clk
01:14:44]} {[%emt 00:01:10]} Be6 {[%clk 01:13:41]} 9. Nd5 {[%clk 01:09:06]}
{[%emt 00:06:51]} Qd7 {[%clk 01:12:37]} 10. Nf3 {[%clk 01:07:45]} {[%emt
00:03:24]} Ne5 {[%clk 01:10:49]} 11. Qd4 {[%clk 01:02:53]} {[%emt 00:07:40]} c6
12. Nxf6+ Bxf6 {[%clk 01:08:32]} {[%emt 00:01:56]} 13. Rhe1 {[%clk 00:56:40]}
{[%emt 00:04:21]} Nxf3 {[%clk 01:07:44]} {[%emt 00:01:11]} 14. Qxf6 {[%clk
00:56:23]} {[%emt 00:00:53]} Rf8 {[%clk 01:06:26]} {[%emt 00:01:46]} 15. gxf3
{[%clk 00:54:50]} {[%emt 00:02:04]} d5 {[%clk 01:02:01]} {[%emt 00:04:56]} 16.
Bb4 {[%clk 00:52:35]} {[%emt 00:02:46]} Rg8 {[%clk 01:01:54]} {[%emt 00:00:33]}
17. Bc4 {[%clk 00:52:03]} {[%emt 00:01:05]} b5 {[%clk 00:58:55]} {[%emt
00:03:30]} 18. exd5 {[%clk 00:50:57]} {[%emt 00:01:35]} cxd5 {[%clk 00:56:29]}
{[%emt 00:02:53]} 19. Bxd5 {[%clk 00:51:03]} {[%emt 00:00:26]} a5 {[%clk
00:55:55]} {[%emt 00:01:06]} 20. Bxe6 {[%clk 00:50:10]} {[%emt 00:01:22]} Qc6
{[%clk 00:55:18]} {[%emt 00:01:06]} 21. Qe7# {[%clk 00:49:01]} {[%emt
00:01:32]} 1-0

[Event "DEM U10w 2021"]
[Site "Willingen GER"]
[Date "2021.08.29"]
[Round "11"]
[White "Wartenberg, Adelia"]
[Black "Guliyeva, Zahra"]
[Result "1-0"]
[Termination "normal"]
[Board "19"]
[WhiteElo "791"]
[BlackElo "783"]
[WhiteClock "01:04:02"]
[BlackClock "01:07:16"]
[PlyCount "55"]
[WhiteFideId "34601830"]
[BlackFideId "34630198"]
[EventCountry "GER"]
[EventRounds "11"]
[EventType "swiss"]
[EventDate "2021.08.22"]

1. e4 {[%clk 01:15:58]} {[%emt 00:00:01]} e5 {[%clk 01:15:56]} {[%emt
00:00:05]} 2. Bc4 {[%clk 01:16:23]} {[%emt 00:00:05]} Nf6 {[%clk 01:16:20]}
{[%emt 00:00:05]} 3. Nc3 {[%clk 01:16:40]} {[%emt 00:00:13]} Nc6 {[%clk
01:16:38]} {[%emt 00:00:13]} 4. d3 {[%clk 01:16:37]} {[%emt 00:00:34]} h6
{[%clk 01:17:00]} {[%emt 00:00:07]} 5. Nge2 {[%clk 01:15:52]} {[%emt 00:01:14]}
Bc5 {[%clk 01:17:05]} {[%emt 00:00:26]} 6. Ng3 {[%clk 01:15:39]} {[%emt
00:00:42]} d6 {[%clk 01:17:17]} {[%emt 00:00:19]} 7. Nh5 {[%clk 01:15:43]}
{[%emt 00:00:25]} Nxh5 {[%clk 01:16:54]} {[%emt 00:00:52]} 8. Qxh5 {[%clk
01:16:01]} {[%emt 00:00:12]} Qe7 {[%clk 01:17:19]} {[%emt 00:00:07]} 9. Nd5
{[%clk 01:16:06]} {[%emt 00:00:23]} Qf8 {[%emt 00:00:29]} 10. Nxc7+ {[%emt
00:00:25]} Kd8 {[%clk 01:16:34]} {[%emt 00:00:23]} 11. Nxa8 {[%clk 01:16:18]}
{[%emt 00:00:18]} Na5 {[%clk 01:16:48]} {[%emt 00:00:17]} 12. Qh4+ {[%clk
01:15:51]} {[%emt 00:00:35]} Ke8 {[%clk 01:14:57]} {[%emt 00:02:43]} 13. Nc7+
{[%clk 01:14:33]} {[%emt 00:01:48]} Kd7 {[%clk 01:15:17]} {[%emt 00:00:10]} 14.
Nd5 {[%clk 01:13:57]} {[%emt 00:01:04]} b6 {[%clk 01:14:46]} {[%emt 00:01:03]}
15. Qg4+ {[%clk 01:13:55]} {[%emt 00:00:30]} Kc6 {[%clk 01:15:32]} {[%emt
00:01:38]} 16. Qf3 {[%clk 01:13:01]} {[%emt 00:02:45]} g5 {[%clk 01:15:25]}
{[%emt 00:00:40]} 17. a4 {[%clk 01:12:37]} {[%emt 00:00:51]} Be6 {[%clk
01:12:38]} {[%emt 00:03:24]} 18. Bb5+ {[%clk 01:12:36]} {[%emt 00:00:26]} Kb7
{[%clk 01:12:45]} {[%emt 00:00:27]} 19. b4 {[%clk 01:11:07]} {[%emt 00:01:54]}
Bd4 {[%clk 01:11:48]} {[%emt 00:01:29]} 20. Ra3 {[%clk 01:11:07]} {[%emt
00:00:26]} Kb8 {[%clk 01:10:21]} {[%emt 00:02:02]} 21. Nf6 {[%clk 01:10:42]}
{[%emt 00:00:53]} Qc8 {[%clk 01:10:09]} {[%emt 00:00:34]} 22. bxa5 {[%clk
01:10:02]} {[%emt 00:01:18]} Qxc2 {[%clk 01:08:57]} {[%emt 00:01:42]} 23. Nd7+
{[%clk 01:07:41]} {[%emt 00:02:50]} Ka8 {[%clk 01:08:35]} {[%emt 00:00:52]} 24.
a6 {[%clk 01:07:29]} {[%emt 00:00:36]} Qxc1+ {[%clk 01:07:48]} {[%emt
00:01:23]} 25. Ke2 {[%clk 01:07:48]} {[%emt 00:00:10]} Rc8 {[%clk 01:07:31]}
{[%emt 00:00:49]} 26. Rxc1 {[%clk 01:07:50]} {[%emt 00:00:28]} Rxc1 {[%clk
01:07:16]} {[%emt 00:00:45]} 27. Kd2 {[%clk 01:04:02]} {[%emt 00:04:16]} Rf1
{[%emt 00:01:34]} 28. Bc6# {[%emt 00:00:10]} 1-0